000 00463nam a2200157 i 4500
001 88659
003 ES-MaACL
005 20230906175911.0
007 t|
008 050105s1972 sp ||||1| spa d
100 1 _aLanda Garamendi, Jesús María.
_969919
245 1 0 _aCómo implantar la contabilidad analítica /
_cpor Jesús Mª Landa Garamendi.
260 _aMadrid :
_bI.E.E.,
_c[1972]
300 _a121 p. ;
_c21 cm.
852 _aES-MaACL
_jC-47977
_bR.83954
999 _c88659
_d88659